Secuenciación de contenidos matemáticos I : (Record no. 103476)

MARC details
000 -CABECERA
campo de control de longitud fija 00776nam a2200217 a 4500
005 - FECHA Y HORA DE LA ÚLTIMA TRANSACCIÓN
campo de control 20220618063514.0
008 - ELEMENTOS DE LONGITUD FIJA--INFORMACIÓN GENERAL
campo de control de longitud fija 040115s2003 mx r 000 0 spa d
020 ## - NÚMERO INTERNACIONAL NORMALIZADO PARA LIBROS
Número Internacional Estándar del Libro 8483166070
035 ## - NÚMERO DE CONTROL DEL SISTEMA
Número de control de sistema UPN01000131321
049 ## - COLECCIÓN
Colección CG
050 #4 - SIGNATURA TOPOGRÁFICA DE LA BIBLIOTECA DEL CONGRESO
Número de clasificación QA135.5
Número de documento/Ítem F4.7
100 1# - ASIENTO PRINCIPAL--NOMBRE PERSONAL
Nombre de persona Fernández Bravo, José Antonio
9 (RLIN) 34540
245 10 - MENCIÓN DE TÍTULO
Título Secuenciación de contenidos matemáticos I :
Resto del título proceso de enseñanza-aprendizaje de 6 a 8 años /
Mención de responsabilidad, etc. José Antonio Fernández Bravo, Santiago Atrio Cerezo, Felipe Bandera de la Riva.
260 ## - PUBLICACIÓN, DISTRIBUCIÓN, ETC.
Lugar de publicación, distribución, etc. Madrid :
Nombre del editor, distribuidor, etc. CCS,
Fecha de publicación, distribución, etc. 2003.
300 ## - DESCRIPCIÓN FÍSICA
Extensión 144 p.
440 #0 - MENCIÓN DE SERIE/ASIENTO SECUNDARIO--TÍTULO
Título Educadores ;
Designación de volumen o secuencia 2
650 #4 - ASIENTO SECUNDARIO DE MATERIA - TERMINO TEMATICO
Término de materia o nombre geográfico como elemento de entrada Matemáticas
Subdivisión general Planes y programas
9 (RLIN) 12134
700 1# - ASIENTO SECUNDARIO--NOMBRE DE PERSONAL
Nombre de persona Atrio Cerezo, Santiago,
Término indicativo de función/relación coaut.
700 1# - ASIENTO SECUNDARIO--NOMBRE DE PERSONAL
Nombre de persona Bandera de la Riva, Felipe,
Término indicativo de función/relación coaut.
9 (RLIN) 34541
905 ## - TIPO DE MATERIAL
Tipo de material Libro
Holdings
Estado de retiro Estado de pérdida Fuente del sistema de clasificación o colocación Estado dañado No para préstamo Código de colección Localización permanente Ubicación/localización actual Ubicación en estantería Total de préstamos Clasificación Código de barras Fecha visto por última vez Número de copia Tipo de ítem Koha
    Library of Congress Classification     Colección General Bib. Gregorio Torres Quintero Bib. Gregorio Torres Quintero Planta baja 4 QA135.5 F4.7 220861 31/12/2020 1 Libro
    Library of Congress Classification     Colección General Bib. Gregorio Torres Quintero Bib. Gregorio Torres Quintero Planta baja 1 QA135.5 F4.7 220860 31/12/2020 1 Libro
    Library of Congress Classification     Colección General Bib. Gregorio Torres Quintero Bib. Gregorio Torres Quintero Planta baja 12 QA135.5 F4.7 220748 31/12/2020 1 Libro